| 000 | 01237nam a2200217Ia 4500 | ||
|---|---|---|---|
| 003 | Ost | ||
| 005 | 20260507075047.0 | ||
| 008 | 260507s9999||||xx |||||||||||||| ||und|| | ||
| 020 | _a9773130665 | ||
| 040 | _cfsecg | ||
| 041 | _aara | ||
| 082 | _a330 | ||
| 100 |
_aفاروق، عبد الخالق _eمؤلف |
||
| 245 | 0 |
_aالنفط والأموال العربية في الخارج : _bخمس دراسات في الإقتصاد الدولي المعاصر / _c عبد الخالق فاروق |
|
| 260 |
_aالقاهرة: _bمركز المحروسة والخدمات الصحفية, _c2002 |
||
| 300 |
_a224 صفحة؛ _bإيضاحات ؛ _c24 سم |
||
| 520 | _aالأوبك والتناقضات الدولية..أزمة النموذج-عائدات النفط العربي..والصراع الدولي-تأثير أحداث الحادي عشر من سبتمبر على الإستثمارات العربية في الخارج-سوق التأمين وإعادة التأمين الدولي-مستقبل النمو الإقتصادي لليابان ودول جنوب شرق آسيا-ماذا بعد الحادي عشر من سبتمبر | ||
| 653 | _aالإقتصاد الدولي | ||
| 653 | _aالبترول | ||
| 942 | _cكتاب | ||
| 999 |
_c42590 _d42590 |
||